Online Catalogue and eLibrary

De-hegemonizing language standards : (Record no. 4417)

MARC details
000 -LEADER
fixed length control field 00520nam a2200181Ia 4500
005 - DATE AND TIME OF LATEST TRANSACTION
control field 20240822050102.0
008 - FIXED-LENGTH DATA ELEMENTS--GENERAL INFORMATION
fixed length control field 240331s9999 xx 000 0 und d
020 ## - INTERNATIONAL STANDARD BOOK NUMBER
ISBN 0312123167
082 ## - DDC Classification
Item Number - Author Mark PAR
Class No. 427.95
100 ## - MAIN ENTRY--PERSONAL NAME
Personal name Parakrama,A
245 #0 - TITLE STATEMENT
Title De-hegemonizing language standards :
Remainder of title learning from (post)colonial englishes about 'english'
260 ## - PUBLICATION, DISTRIBUTION, ETC.
Place of publication, distribution, etc. London
Name of publisher, distributor, etc. Macmillan Press Ltd
Date of publication, distribution, etc. 1995
300 ## - PHYSICAL DESCRIPTION
Extent (e.g. Volumes, Pages etc.) xxxvii, 216 p ., ( 2nd copy)
650 ## - SUBJECT ADDED ENTRY--TOPICAL TERM
Topical term or geographic name entry element Politics
650 ## - SUBJECT ADDED ENTRY--TOPICAL TERM
Topical term or geographic name entry element Women
650 ## - SUBJECT ADDED ENTRY--TOPICAL TERM
Topical term or geographic name entry element English Lanuage
942 ## - Koha item type (Biblio)
Koha item type Books in Stacks (Lending)
Holdings
Lost status Damaged status Collection code Home library Current library Shelving location Date acquired Full call number Accession Number Item type
    Lending WERC Library WERC Library Social Science Cupboard 03/31/2024 427.95 PAR 2870 Books in Stacks (Lending)

© WERC Library